000 00842nam a22002177a 4500
999 _c6597
_d6597
003 AR-CdUCM
008 190318b ||||| |||| 00| 0 spa d
040 _aMUNICIPALIDAD PROVINCIAL DEL CUSCO
_cBIBLIOTECA MUNICIPAL DEL CUSCO
082 _a980 /
_bP43
100 _aPereyra, Carlos
_918565
245 _aHistoria de la América española /
260 _aMadrid :
_bSaturnino callejas,
_c1924.
300 _a5 tomos ;
_bIlustraciones,
_c22.5 cm.
500 _atomo 8: lomo del libro roto para taller
505 _aContenido: t.2 -- El imperio Español -- t.3 -- Mejíco -- t.4 -- Las repúblicas del Plata -- t.5 -- Los países antillanos y la América central -- t.6 -- Colombia, Venezuela, Ecuador.
650 _aAmérica
_91348
650 _aHistoria
_9136
650 _aImperio español
_918566
942 _2ddc
_cLIBROS
945 _aacv